<?xml version="1.0" encoding="UTF-8"?>
<record
    xmlns:xsi="http://www.w3.org/2001/XMLSchema-instance"
    xsi:schemaLocation="http://www.loc.gov/MARC21/slim http://www.loc.gov/standards/marcxml/schema/MARC21slim.xsd"
    xmlns="http://www.loc.gov/MARC21/slim">

  <leader>00658nam a2200193   4500</leader>
  <datafield tag="999" ind1=" " ind2=" ">
    <subfield code="c">4114</subfield>
    <subfield code="d">4114</subfield>
  </datafield>
  <controlfield tag="001">4939</controlfield>
  <controlfield tag="005">20210210111844.0</controlfield>
  <controlfield tag="008">210210b           ||||| |||| 00| 0 eng d</controlfield>
  <datafield tag="090" ind1="0" ind2="0">
    <subfield code="a">745.095498 T197d 2003 </subfield>
  </datafield>
  <datafield tag="245" ind1="0" ind2="0">
    <subfield code="a">&#xF60;&#xF56;&#xFB2;&#xF74;&#xF42;&#xF0B;&#xF42;&#xF72;&#xF0B;&#xF56;&#xF50;&#xF7C;&#xF0B;&#xF62;&#xF72;&#xF42;&#xF66;&#xF0B;&#xF56;&#xF45;&#xF74;&#xF0B;&#xF42;&#xF66;&#xF74;&#xF58;&#xF0B;&#xF42;&#xFB1;&#xF72;&#xF0B;&#xF56;&#xF64;&#xF51;&#xF0B;&#xF54;&#xF0B;&#xF58;&#xF41;&#xF66;&#xF0B;&#xF54;&#xF60;&#xF72;&#xF0B;&#xF51;&#xF42;&#xF60;&#xF0B;&#xF66;&#xF9F;&#xF7C;&#xF53;&#xF0D;</subfield>
    <subfield code="c">Khenpo Phuntsho Tashi.</subfield>
  </datafield>
  <datafield tag="246" ind1=" " ind2=" ">
    <subfield code="a">[Zorig Chusum].</subfield>
  </datafield>
  <datafield tag="250" ind1="0" ind2="0">
    <subfield code="a">1st ed.</subfield>
  </datafield>
  <datafield tag="260" ind1="0" ind2="0">
    <subfield code="a">Thimphu :</subfield>
    <subfield code="b">n.d., </subfield>
    <subfield code="c">2003.</subfield>
  </datafield>
  <datafield tag="300" ind1="0" ind2="0">
    <subfield code="a">362 p. ; 25 cm.</subfield>
  </datafield>
  <datafield tag="500" ind1="0" ind2="0">
    <subfield code="a">In Dzongkha.</subfield>
  </datafield>
  <datafield tag="650" ind1="0" ind2="0">
    <subfield code="a">Religious aspects --Buddhism.</subfield>
  </datafield>
  <datafield tag="650" ind1="0" ind2="0">
    <subfield code="a">Zorig Chusum.</subfield>
  </datafield>
  <datafield tag="942" ind1=" " ind2=" ">
    <subfield code="2">ddc</subfield>
    <subfield code="c">DZONGKHA</subfield>
  </datafield>
  <datafield tag="952" ind1=" " ind2=" ">
    <subfield code="0">0</subfield>
    <subfield code="1">0</subfield>
    <subfield code="2">ddc</subfield>
    <subfield code="4">0</subfield>
    <subfield code="7">0</subfield>
    <subfield code="8">DZONGKHA</subfield>
    <subfield code="a">RTCLIB</subfield>
    <subfield code="b">RTCLIB</subfield>
    <subfield code="c">DZONGKHA</subfield>
    <subfield code="d">2022-06-07</subfield>
    <subfield code="h"> </subfield>
    <subfield code="i">8083</subfield>
    <subfield code="l">2</subfield>
    <subfield code="o">745.095498  TAS</subfield>
    <subfield code="p">30007798</subfield>
    <subfield code="r">2022-08-05 00:00:00</subfield>
    <subfield code="s">2022-07-11</subfield>
    <subfield code="t">2</subfield>
    <subfield code="w">2018-11-27</subfield>
    <subfield code="y">DZONGKHA</subfield>
  </datafield>
  <datafield tag="952" ind1=" " ind2=" ">
    <subfield code="0">0</subfield>
    <subfield code="1">0</subfield>
    <subfield code="2">ddc</subfield>
    <subfield code="4">0</subfield>
    <subfield code="7">0</subfield>
    <subfield code="8">REFERENCE</subfield>
    <subfield code="a">RTCLIB</subfield>
    <subfield code="b">RTCLIB</subfield>
    <subfield code="c">REFERENCE</subfield>
    <subfield code="h"> </subfield>
    <subfield code="i">8084</subfield>
    <subfield code="l">0</subfield>
    <subfield code="o">745.095498 TAS</subfield>
    <subfield code="p">30007961</subfield>
    <subfield code="r">2018-11-27 00:00:00</subfield>
    <subfield code="t">3</subfield>
    <subfield code="w">2018-11-27</subfield>
    <subfield code="y">REFERENCE</subfield>
  </datafield>
  <datafield tag="952" ind1=" " ind2=" ">
    <subfield code="0">0</subfield>
    <subfield code="1">0</subfield>
    <subfield code="2">ddc</subfield>
    <subfield code="4">0</subfield>
    <subfield code="7">0</subfield>
    <subfield code="8">DZONGKHA</subfield>
    <subfield code="a">RTCLIB</subfield>
    <subfield code="b">RTCLIB</subfield>
    <subfield code="c">DZONGKHA</subfield>
    <subfield code="d">2022-06-03</subfield>
    <subfield code="h"> </subfield>
    <subfield code="i">8085</subfield>
    <subfield code="l">2</subfield>
    <subfield code="m">1</subfield>
    <subfield code="o">745.095498  TAS</subfield>
    <subfield code="p">30007950</subfield>
    <subfield code="r">2023-03-16 00:00:00</subfield>
    <subfield code="s">2022-12-19</subfield>
    <subfield code="t">1</subfield>
    <subfield code="w">2018-11-27</subfield>
    <subfield code="y">DZONGKHA</subfield>
  </datafield>
</record>
